000 01231nam a22002417a 4500
005 20240530110341.0
008 141112s2011 le gr 001 0dara d
020 _a9789953824581
040 _aEG-CaGPL
082 0 4 _221
_a341.2422\
_bس س
100 0 _aسليم محمد الزعنون
245 1 0 _aسياسة الاتحاد الاوروبى تجاه الحركات الاسلامية فى المنطقة العربية :
_bدراسة حالة حركة المقاومة الاسلامية (حماس ) 2001 - 2007 /
_cسليم محمد الزعنون
250 _aط 1
260 _aبيروت :
_bمركز دراسات الوحدة العربية ،
_c2011
300 _a446 ص ؛
_c24 سم
490 _aسلسلة اطروحات الدكتوراه ؛
_v98
650 0 4 _aالحركات الاسلامية
_xحماس
651 0 4 _aالاتحاد الاوروبى
_xالعلاقات الخارجية
_zالوطن العربى
651 0 4 _aالاتحاد الاوربى
_xالسياسة الخارجية
651 0 4 _aالاتحاد الاوروبى
_xالعلاقات الخارجية
_xالحركات الاسلامية
942 _2ddc
_cBK
999 _c59888
_d59888